000 00406nam a2200133Ia 4500
005 20260328101442.0
008 260328s9999||||xx |||||||||||||| ||und||
100 _aInstituto Colombiano de Normas Técnicas
245 0 _aDibujo técnico :
_b Normas técnicas Colombianas /
_cInstituto Colombiano de Normas Técnicas
260 _bICONTEC
300 _a234 p.
650 _aDIBUJO ARQUITECTÓNICO
942 _cBK
999 _c8328
_d8328